Sài Gòn tháng 5 -1975 Ký sự

Spremljeno u:
Bibliografski detalji
Glavni autor: Trần, Kim Thành
Format: Knjiga
Jezik:Undetermined
Izdano: H. Văn học 1995
Teme:
Online pristup:http://lrc.tdmu.edu.vn/opac/search/detail.asp?aID=2&ID=6763
Oznake: Dodaj oznaku
Bez oznaka, Budi prvi tko označuje ovaj zapis!
Thư viện lưu trữ: Trung tâm Học liệu Trường Đại học Thủ Dầu Một
LEADER 00672nam a2200205Ia 4500
001 TDMU_6763
008 210410s9999 xx 000 0 und d
082 |a 895.922 803 
090 |b TR121 
100 |a Trần, Kim Thành 
245 0 |a Sài Gòn tháng 5 -1975 
245 0 |b Ký sự 
245 0 |c Trần Kim Thành 
260 |a H. 
260 |b Văn học 
260 |c 1995 
300 |a 192tr 
650 |a Saig Gòn; Ký sự; Việt Nam; Kháng chiến chống Mỹ; Văn học hiện đại 
856 |u http://lrc.tdmu.edu.vn/opac/search/detail.asp?aID=2&ID=6763 
980 |a Trung tâm Học liệu Trường Đại học Thủ Dầu Một